Online
Catalog

La organización del dinero en el mundo : (Record no. 22709)

MARC details
000 -CABECERA
campo de control de longitud fija 00773nam a2200193 a 4500
001 - NÚMERO DE CONTROL
campo de control 000023212
005 - FECHA Y HORA DE LA ÚLTIMA TRANSACCIÓN
campo de control 20200930022049.0
008 - DATOS DE LONGITUD FIJA--INFORMACIÓN GENERAL
campo de control de longitud fija 101130s1984 dr r 000 0 spa d
040 ## - FUENTE DE LA CATALOGACIÓN
Centro catalogador/agencia de origen DO-SdBNP
Lengua de catalogación spa
Centro/agencia transcriptor BNPHU
082 ## - NÚMERO DE LA CLASIFICACIÓN DECIMAL DEWEY
Número de clasificación xxx
Número de documento/Ítem C678o
049 ## - FONDOS LOCALES (OCLC)
Fondos de biblioteca BNGR
100 1# - ENTRADA PRINCIPAL--NOMBRE DE PERSONA
Nombre de persona Cohen, Benjamín J.
9 (RLIN) 45780
245 13 - MENCIÓN DE TÍTULO
Título La organización del dinero en el mundo :
Resto del título la economía política de las relaciones monetarias internacionales /
Mención de responsabilidad, etc. Benjamín J. Cohen ; traducción de Roberto Ramón Reyes Manzzoni y Rubén Pimentel Rogelio.
260 ## - PUBLICACIÓN, DISTRIBUCIÓN, ETC.
Lugar de publicación, distribución, etc. México :
Nombre del editor, distribuidor, etc. Fondo de Cultura Económica,
Fecha de publicación, distribución, etc. 1984.
300 ## - DESCRIPCIÓN FÍSICA
Extensión 343 p. ;
Dimensiones 21 cm.
500 ## - NOTA GENERAL
Nota general Incluye referencia al pie de páginas
700 1# - PUNTO DE ACCESO ADICIONAL--NOMBRE DE PERSONA
Nombre de persona Reyes Manzzoni , Roberto Ramón
Término indicativo de función/relación tr.
9 (RLIN) 47790
700 1# - PUNTO DE ACCESO ADICIONAL--NOMBRE DE PERSONA
Nombre de persona Pimentel Rogelio, Rubén
Término indicativo de función/relación tr.
9 (RLIN) 47791
Holdings
Estado de retiro Estado de pérdida No para préstamo Código de colección Localización permanente Ubicación/localización actual Ubicación en estantería Fecha de adquisición Número de inventario Total de préstamos Signatura topográfica completa Código de barras Fecha visto por última vez Precio válido a partir de Tipo de ítem Koha
    Excluido de préstamo Patrimonio Dominicano General General En catalogación 30.11.2010 LF1   xxx C678o 23212-10 25.06.2020 25.06.2020 Libro y Folleto Colección Patrimonio Dominicano

Powered by Koha